000 01290nam0a2200385 4500
001 RU\NLR\bibl\127552
005 20260406134808.0
010 _a5-7107-2959-0
_915000
021 _aRU
_b2000-37126
_91714
035 _a(NLR Aleph) 000124956
090 _a712489
_c712489
100 _a20001204d2000 |||y0rusy50 ca
101 0 _arus
102 _aRU
105 _aa |||||||||
200 1 _aСказочная азбука
_e[Для дошк. и мл. шк. возраста]
_fЮрий Энтин
_gХудож. Б. Тржемецкий
210 _aМ.
_cДрофа
_d2000
215 _a60,[3] с.
_cцв. ил.
_d27
606 0 _aРусский язык
_jБуквари
_91533567
_3RU\NLR\AUTH\66969347
675 _a821.161.1-93Энтин
_v3
_zrus
686 _a17.82.93
_2rugasnti
686 _a84(2Рос=Рус)6-5
_2rubbk
686 _aШ141.12-921б
686 _aШ141.12-922.1[1]б
686 _aШ9(2)60=Р7-5
700 1 _4070
_8rus
_7ca
_aЭнтин
_bЮ. С.
_f1935-
_gЮрий Сергеевич
_3RU\NLR\auth\772469
_9112481
801 0 _aRU
_bRKP
_c20001204
_gPSBO
801 1 _aRU
_bRKP
_c20001204
801 2 _aRU
_bNLR
_c20060705
_grcr
852 _aNLR
_j2000-7/2904
942 _cBOOK
980 _aNB